[Event "TUR-chT"]
[Site "Ankara"]
[Date "2018.08.03"]
[Round "10.2"]
[White "Ivic, Velimir"]
[Black "Erturan, Yakup"]
[Result "1/2-1/2"]
[WhiteElo "2432"]
[BlackElo "2378"]
[PlyCount "111"]
[EventDate "2018.07.25"]
[EventType "team-tourn"]
[EventRounds "13"]
[EventCountry "TUR"]
[SourceTitle "CBM 185 Extra"]
[Source "ChessBase"]
[SourceDate "2018.07.29"]
[SourceVersion "1"]
[SourceVersionDate "2018.07.29"]
[SourceQuality "1"]
[WhiteTeam "Gokceada Spor"]
[BlackTeam "Darassufaka Spor"]
[WhiteTeamCountry "TUR"]
[BlackTeamCountry "TUR"]

1. e4 c5 2. Nf3 Nc6 3. d4 cxd4 4. Nxd4 g6 5. c4 Bg7 6. Nc2 d6 7. Be2 Nf6 8. Nc3 0-0 9. 0-0 Be6 10. Bd2 Nd7 11. Rc1 a5 12. Na3 Nc5 13. Nab5 Ne5 14. b3 Ned3 15. Rb1 Ne5 16. Be3 Bd7 17. f4 Bxb5 18. Nxb5 Nc6 19. e5 Na7 20. Nxa7 Rxa7 21. exd6 Qxd6 22. Bf3 Qc7 23. Qe2 Rd8 24. Rbd1 b6 25. Qc2 Rxd1 26. Rxd1 Qc8 27. a3 Rd7 28. b4 Rxd1+ 29. Qxd1 axb4 30. axb4 Qe6 31. Qd2 Ne4 32. Qd8+ Bf8 33. Qd5 Qxd5 34. cxd5 Nc3 35. Bd4 Na2 36. b5 Bg7 37. Bxb6 Nc3 38. Bc5 Nxb5 39. Bxe7 Bf8 40. Bf6 Bg7 41. Bd8 Kf8 42. Kf1 Ke8 43. Bh4 Kd7 44. Ke2 Nd4+ 45. Kd3 Nxf3 46. gxf3 f5 47. Bf2 Bb2 48. Bd4 Bc1 49. Be3 Bb2 50. Kc4 Ba3 51. Bd2 Bd6 52. Kd4 Bc7 53. Ke3 Bb6+ 54. Kd3 Bc7 55. Kc4 Bb8 56. Kd4 1/2-1/2

[Event "Balaton GM 36th"]
[Site "Balatonlelle"]
[Date "2018.06.18"]
[Round "7"]
[White "Erturan, Yakup"]
[Black "Li, Bo"]
[Result "1/2-1/2"]
[WhiteElo "2384"]
[BlackElo "2333"]
[PlyCount "110"]
[EventDate "2018.06.12"]
[EventType "tourn"]
[EventRounds "9"]
[EventCountry "HUN"]
[EventCategory "7"]
[SourceTitle "CBM 185 Extra"]
[Source "ChessBase"]
[SourceDate "2018.07.29"]
[SourceVersion "1"]
[SourceVersionDate "2018.07.29"]
[SourceQuality "1"]

1. e4 c5 2. Nf3 d6 3. d4 cxd4 4. Nxd4 Nf6 5. Nc3 a6 6. Be3 Ng4 7. Bc1 Nf6 8. f3 e5 9. Nb3 Be6 10. Be3 d5 11. exd5 Nxd5 12. Nxd5 Bxd5 13. Qd3 Nc6 14. c3 e4 15. fxe4 Qh4+ 16. Bf2 Qxe4+ 17. Qxe4+ Bxe4 18. 0-0-0 Be7 19. Re1 f5 20. Nc5 Bxc5 21. Bxc5 0-0-0 22. Rg1 Rd5 23. Bb6 Ne5 24. Be2 Nd3+ 25. Bxd3 Rxd3 26. Bd4 Rd8 27. Re2 g6 28. Rge1 Re8 29. Rf2 Kd7 30. Rd1 Rxd1+ 31. Kxd1 Bd5 32. b3 Kc6 33. g3 a5 34. c4 Be4 35. Kc1 a4 36. Kb2 axb3 37. axb3 Ra8 38. Rd2 b5 39. cxb5+ Kxb5 40. Bc3 Ra7 41. Rd6 Rf7 42. Bd4 Bc6 43. Ka3 Rd7 44. Rxd7 Bxd7 45. h4 Kc6 46. Kb4 Kd5 47. Bg7 Ke4 48. Kc5 f4 49. gxf4 Kxf4 50. b4 Kg4 51. Bf6 h6 52. b5 Bxb5 53. Kxb5 g5 54. hxg5 hxg5 55. Bxg5 Kxg5 1/2-1/2

[Event "Balaton GM 36th"]
[Site "Balatonlelle"]
[Date "2018.06.15"]
[Round "4"]
[White "Fernandez, Daniel Howard"]
[Black "Erturan, Yakup"]
[Result "1/2-1/2"]
[WhiteElo "2485"]
[BlackElo "2384"]
[PlyCount "112"]
[EventDate "2018.06.12"]
[EventType "tourn"]
[EventRounds "9"]
[EventCountry "HUN"]
[EventCategory "7"]
[SourceTitle "CBM 185 Extra"]
[Source "ChessBase"]
[SourceDate "2018.07.29"]
[SourceVersion "1"]
[SourceVersionDate "2018.07.29"]
[SourceQuality "1"]

1. f4 Nf6 2. b3 g6 3. Bb2 Bg7 4. Nf3 c5 5. g3 d5 6. Bg2 0-0 7. e3 Nc6 8. Ne5 Nxe5 9. Bxe5 Bf5 10. 0-0 Qd7 11. Nc3 d4 12. Na4 Rac8 13. Nb2 dxe3 14. dxe3 Rfd8 15. Qxd7 Rxd7 16. Rad1 Rcd8 17. Bxb7 Rd2 18. Bf3 Ng4 19. Nc4 Rxd1 20. Rxd1 Rxd1+ 21. Bxd1 Nxe5 22. Nxe5 Bxe5 23. fxe5 Kf8 24. g4 Be4 25. g5 f6 26. exf6 exf6 27. h4 fxg5 28. hxg5 Kg7 29. Kf2 h6 30. gxh6+ Kxh6 31. c3 Kg5 32. b4 cxb4 33. cxb4 Kf6 34. a4 Ke5 35. Bf3 Bd3 36. a5 Kd6 37. Kg3 Ke5 38. Kg4 Bf5+ 39. Kg5 Bd3 40. Bc6 Kd6 41. Be8 Kd5 42. Bf7+ Ke5 43. Bxg6 Bb5 44. Bf7 Ke4 45. Kf6 Kxe3 46. Ke5 Kd3 47. Kd6 Kd4 48. Be6 Ba4 49. Bd5 Bb5 50. Bf7 Ba4 51. Be6 Bb5 52. Bb3 Be8 53. Bd5 Bb5 54. Bc6 Kc4 55. Bxb5+ Kxb4 56. Bc4 Kxa5 1/2-1/2

[Event "Budapest FS06 GM"]
[Site "Budapest"]
[Date "2018.06.04"]
[Round "3"]
[White "Kotronias, Vasilios"]
[Black "Erturan, Yakup"]
[Result "1-0"]
[WhiteElo "2511"]
[BlackElo "2384"]
[PlyCount "39"]
[EventDate "2018.06.02"]
[EventType "tourn"]
[EventRounds "9"]
[EventCountry "HUN"]
[EventCategory "6"]
[SourceTitle "CBM 184 Extra"]
[Source "ChessBase"]
[SourceDate "2018.06.28"]
[SourceVersion "1"]
[SourceVersionDate "2018.06.28"]
[SourceQuality "1"]

1. e4 c5 2. Nf3 d6 3. d4 cxd4 4. Nxd4 Nf6 5. Nc3 a6 6. h3 e6 7. g4 Be7 8. g5 Nfd7 9. h4 b5 10. a3 Bb7 11. Be3 Nb6 12. Qh5 0-0 13. Bh3 N8d7 14. 0-0-0 Nc5 15. Nf5 exf5 16. Bxc5 fxe4 17. Bd4 Bc8 18. Nxe4 d5 19. Nf6+ gxf6 20. Qh6 1-0

[Event "EU-ch 18th"]
[Site "Minsk"]
[Date "2017.06.03"]
[Round "5"]
[White "Wagner, Dennis"]
[Black "Erturan, Yakup"]
[Result "1-0"]
[WhiteElo "2571"]
[BlackElo "2367"]
[PlyCount "69"]
[EventDate "2017.05.30"]
[EventType "swiss"]
[EventRounds "11"]
[EventCountry "BLR"]
[SourceTitle "CBM 179"]
[Source "ChessBase"]
[SourceDate "2017.07.12"]
[SourceVersion "1"]
[SourceVersionDate "2017.07.12"]
[SourceQuality "1"]

1. Nf3 d5 2. d4 Nf6 3. c4 c6 4. Nc3 e6 5. Bg5 Nbd7 6. e3 Qa5 7. cxd5 exd5 8. Nd2 Be7 9. Bd3 0-0 10. 0-0 Re8 11. Qc2 Nf8 12. Rab1 Bg4 13. h3 Bh5 14. f4 h6 15. Bh4 Ne4 16. b4 Qd8 17. Bxe7 Qxe7 18. Bxe4 dxe4 19. g4 Qh4 20. Ndxe4 f5 21. gxh5 fxe4 22. Qg2 Qxh5 23. f5 Kh7 24. Nxe4 Nd7 25. Ng3 Qh4 26. Rf4 Qe7 27. e4 Nf6 28. e5 Nd5 29. Rg4 Kh8 30. Qf3 Qf7 31. Kh2 a5 32. b5 cxb5 33. Rf1 Ne7 34. e6 Qf8 35. Nh5 1-0

[Event "EU-ch 18th"]
[Site "Minsk"]
[Date "2017.05.30"]
[Round "1"]
[White "Yilmaz, Mustafa"]
[Black "Erturan, Yakup"]
[Result "1-0"]
[WhiteElo "2630"]
[BlackElo "2367"]
[PlyCount "63"]
[EventDate "2017.05.30"]
[EventType "swiss"]
[EventRounds "11"]
[EventCountry "BLR"]
[SourceTitle "CBM 179"]
[Source "ChessBase"]
[SourceDate "2017.07.12"]
[SourceVersion "1"]
[SourceVersionDate "2017.07.12"]
[SourceQuality "1"]

1. d4 Nf6 2. c4 g6 3. Nc3 d5 4. Bg5 Ne4 5. Bh4 Nxc3 6. bxc3 dxc4 7. e3 Bg7 8. Bxc4 0-0 9. Nf3 c5 10. 0-0 Nc6 11. Qe2 Qc7 12. Bg3 e5 13. Bd5 Bg4 14. Qb5 Bxf3 15. Bxf3 cxd4 16. cxd4 Qb6 17. Qxb6 axb6 18. dxe5 Rfe8 19. Rab1 Rxa2 20. Rxb6 Nxe5 21. Bxb7 Rd8 22. Rb5 Re8 23. Rd1 Ra7 24. h3 Bf6 25. Bd5 g5 26. Rdb1 Kg7 27. f4 gxf4 28. exf4 Ng6 29. Bf2 Ra1 30. Rxa1 Bxa1 31. g3 h5 32. h4 1-0

[Event "TUR-chT2"]
[Site "Konya"]
[Date "2016.07.20"]
[Round "6.1"]
[White "Aghamaliyev, Cemil"]
[Black "Erturan, Yakup"]
[Result "1-0"]
[WhiteElo "2494"]
[BlackElo "2362"]
[PlyCount "131"]
[EventDate "2016.07.17"]
[EventType "team-swiss"]
[EventRounds "9"]
[EventCountry "TUR"]
[SourceTitle "CBM 173 Extra"]
[Source "ChessBase"]
[SourceDate "2016.08.29"]
[SourceVersion "1"]
[SourceVersionDate "2016.08.29"]
[SourceQuality "1"]
[WhiteTeam "Istanbul Darussafaka"]
[BlackTeam "Canakkale Gokceada"]
[WhiteTeamCountry "TUR"]
[BlackTeamCountry "TUR"]

1. e4 c5 2. c3 g6 3. Nf3 d6 4. d4 cxd4 5. cxd4 Bg7 6. Nc3 Bg4 7. Bc4 Bxf3 8. Qxf3 e6 9. Bb5+ Kf8 10. Be3 Ne7 11. 0-0 Nd7 12. Rfd1 h6 13. Rac1 Kg8 14. Ba4 a6 15. Bb3 Nb6 16. h4 h5 17. Ne2 d5 18. Bg5 Bh6 19. exd5 Nbxd5 20. Bxd5 exd5 21. Bxh6 Rxh6 22. Nf4 Kg7 23. g3 Rh8 24. Re1 Nf5 25. Rcd1 Qa5 26. Re5 Qxa2 27. Rxf5 gxf5 28. Nxh5+ Rxh5 29. Qxh5 Qxb2 30. Qg5+ Kf8 31. Qf6 Qe2 32. Rb1 Qh5 33. Rxb7 Kg8 34. Rd7 Qg6 35. Qe7 Qe6 36. Qg5+ Qg6 37. Qf4 Qg4 38. Qe5 f4 39. Rxd5 fxg3 40. fxg3 Rc8 41. Qg5+ Qxg5 42. Rxg5+ Kf8 43. Ra5 Rc3 44. Kf2 Rd3 45. Ra4 Kg7 46. g4 Rh3 47. h5 f5 48. gxf5 Rxh5 49. Ra5 Rh3 50. Rxa6 Rd3 51. Rd6 Kf7 52. Ke2 Ra3 53. Re6 Ra5 54. Re5 Ra3 55. Re3 Ra5 56. Kd3 Rxf5 57. Kc4 Ra5 58. d5 Ra8 59. Kc5 Rc8+ 60. Kb6 Rc1 61. d6 Rc2 62. d7 Rd2 63. Kc7 Rc2+ 64. Kd8 Ra2 65. Rf3+ Kg7 66. Rf4 1-0

[Event "TUR-chT2"]
[Site "Konya"]
[Date "2015.07.28"]
[Round "6.3"]
[White "Akyildiz, Baris"]
[Black "Erturan, Yakup"]
[Result "1/2-1/2"]
[WhiteElo "1951"]
[BlackElo "2378"]
[PlyCount "68"]
[EventDate "2015.07.25"]
[EventType "team-swiss"]
[EventRounds "9"]
[EventCountry "TUR"]
[SourceTitle "CBM 167 Extra"]
[Source "ChessBase"]
[SourceDate "2015.09.14"]
[SourceVersion "1"]
[SourceVersionDate "2015.09.14"]
[SourceQuality "1"]
[WhiteTeam "Manisa Salihli Sardes"]
[BlackTeam "Istanbul Darussafaka"]
[WhiteTeamCountry "TUR"]
[BlackTeamCountry "TUR"]

1. e4 c5 2. Nf3 d6 3. d4 cxd4 4. Nxd4 Nf6 5. Nc3 a6 6. f3 e5 7. Nb3 Be6 8. Bg5 Be7 9. Qd2 Nbd7 10. 0-0-0 b5 11. Kb1 0-0 12. h4 Qc7 13. g4 b4 14. Nd5 Bxd5 15. exd5 a5 16. Nc1 Nb6 17. Bxf6 Bxf6 18. g5 Be7 19. f4 exf4 20. Qxf4 Rfc8 21. Bd3 Bf8 22. h5 Nc4 23. Qe4 g6 24. Bxc4 Qxc4 25. Rd4 Qc7 26. hxg6 hxg6 27. Rd2 Bg7 28. Rdh2 Qc4 29. Qg2 Rc5 30. Rh4 Qxd5 31. Qh3 Kf8 32. Re1 Kg8 33. Rh1 Kf8 34. Re1 Kg8 1/2-1/2

[Event "Kemer Turkey Cup"]
[Site "Kemer"]
[Date "2014.02.06"]
[Round "7"]
[White "Ersahin, Bulent"]
[Black "Erturan, Yakup"]
[Result "0-1"]
[WhiteElo "2185"]
[BlackElo "2381"]
[PlyCount "64"]
[EventDate "2014.02.01"]
[EventType "swiss"]
[EventRounds "9"]
[EventCountry "TUR"]
[SourceTitle "CBM 158 Extra"]
[Source "ChessBase"]
[SourceDate "2014.02.28"]
[SourceVersion "1"]
[SourceVersionDate "2014.02.28"]
[SourceQuality "1"]

1. d4 b6 2. Nf3 Bb7 3. c4 e6 4. g3 Bxf3 5. exf3 Bb4+ 6. Bd2 Bxd2+ 7. Qxd2 Ne7 8. Bg2 c6 9. Nc3 d5 10. b3 0-0 11. 0-0 Nd7 12. Rfd1 Nf6 13. Rac1 Qd6 14. f4 Rac8 15. c5 bxc5 16. dxc5 Qc7 17. b4 Rb8 18. Rb1 a5 19. bxa5 Ra8 20. Rb6 Nd7 21. Na4 Qa7 22. Bf1 Nxb6 23. Nxb6 Rad8 24. a6 d4 25. Qb4 Nd5 26. Qxd4 Qe7 27. Qc4 Nxb6 28. cxb6 Rxd1 29. Qxc6 Qa3 30. Qb5 Qxa2 31. b7 Rb1 32. Qc5 Rxf1+ 0-1

[Event "Kemer Turkey Cup"]
[Site "Kemer"]
[Date "2014.02.05"]
[Round "6"]
[White "Erturan, Yakup"]
[Black "Soysal, Serkan"]
[Result "1/2-1/2"]
[WhiteElo "2381"]
[BlackElo "2155"]
[PlyCount "61"]
[EventDate "2014.02.01"]
[EventType "swiss"]
[EventRounds "9"]
[EventCountry "TUR"]
[SourceTitle "CBM 158 Extra"]
[Source "ChessBase"]
[SourceDate "2014.02.28"]
[SourceVersion "1"]
[SourceVersionDate "2014.02.28"]
[SourceQuality "1"]

1. c4 Nf6 2. Nc3 d5 3. cxd5 Nxd5 4. g3 g6 5. Bg2 Nb6 6. Nf3 Bg7 7. 0-0 Nc6 8. d3 0-0 9. Be3 e5 10. Qd2 Re8 11. Bg5 f6 12. Bh6 Bh8 13. a4 a5 14. Be3 Nd4 15. Ra3 c6 16. Ne4 Bg7 17. Nxd4 exd4 18. Bh6 Bxh6 19. Qxh6 Qe7 20. Qc1 Be6 21. Re1 Bf7 22. Qc5 Qxc5 23. Nxc5 Ra7 24. Kf1 Re5 25. Rc1 f5 26. Ke1 Kf8 27. Kd2 Re7 28. Re1 Re5 29. Rc1 Re7 30. Re1 Re5 31. Rc1 1/2-1/2